000 00283nam a22001337a 4500
008 181030b xxu||||| |||| 00| 0 eng d
020 _a9780963962904
041 _aeng
080 _a610
100 _a4
101 _aSHM
245 _aHealthy at 100
_cWillix,R.D
942 _2udc
_cBK
999 _c51085
_d51085